| Поле | Название | Значение |
| |
Тип записи |
a |
| |
Библиографический уровень |
m |
| 001 |
Контрольный номер |
RU/IS/BASE/386858629 |
| 005 |
Дата корректировки |
20200928103410.0 |
| 010 |
Индекс ISBN |
__ |
| a |
ISBN |
5-232-00472-7 |
| d |
Цена |
9-00 |
| 200 |
Заглавие и сведения об ответственности |
1_ |
| a |
Заглавие |
Профилактика рака в повседневной жизни |
| f |
Первые сведения об ответственности |
М. К. Левенштейн |
| 210 |
Выходные данные |
1_ |
| a |
Место издания |
М. |
| c |
Издательство |
Крон-Пресс |
| d |
Дата издания |
1997 |
| 215 |
Физическое описание |
__ |
| a |
Объем |
188, [4] с. |
| 225 |
Серия (Журнальная рубрика) |
2_ |
| a |
Серия (Журнальная рубрика) |
Будьте здоровы! |
| 606 |
Тематические рубрики |
__ |
| a |
Основная рубрика |
медицина |
| 610 |
Ключевые слова |
0_ |
| a |
Ключевые слова |
профилактика рака |
| a |
Ключевые слова |
рак (болезнь) |
| 686 |
Индексы других классификаций |
__ |
| a |
Индекс ББК |
55.6 |
| 700 |
Автор |
_1 |
| a |
Фамилия |
Левенштейн |
| b |
Имя |
М. К |
| 801 |
Источник записи |
_0 |
| a |
Страна |
RU |
| b |
Организация |
ЦРБ, Сургут |
| 801 |
Источник записи |
_1 |
| a |
Страна |
RU |
| b |
Организация |
ЦРБ, Сургут |
| 852 |
Данные о местонахождении |
__ |
| j |
Шифр хранения |
55.6 |
| i |
Авторский знак |
Л35 |
| p |
Инвентарный номер |
62471 |
| b |
Сигла хранения |
ООЧ |
| 901 |
Тип документа |
__ |
| t |
Тип документа |
m |
| 990 |
Данные о заказе (DOS) |
__ |
| j |
Количество экземпляров (DOS) |
1 |